| 000 | 00900nmm a2200265 a 4500 | ||
|---|---|---|---|
| 001 | ocm000780099 | ||
| 003 | TR-IsHL | ||
| 005 | 20201028140409.0 | ||
| 008 | 131212s2012 tu tur | ||
| 007 | cr cn | ||
| 020 | _a9786051370637 | ||
| 035 |
_a780099 _b(N$T) |
||
| 050 | 0 | 4 |
_aKKX920 _b 2012 |
| 090 | 0 | 4 |
_aKKX920 _b 2012 |
| 245 | 1 | 0 |
_a6102 sayılı Türk Ticaret Kanunu: "ticari işletme" ve "ticaret şirketlerine getirilen yenilikler _h[electronic resource] / _cİstanbul Ticaret Odası |
| 260 |
_aİstanbul : _bİstanbul Ticaret Odası, _c2012 |
||
| 300 | _a104 p. | ||
| 650 | 4 | _aHukuk | |
| 650 | 4 | _aLaw | |
| 650 | 0 |
_aTicaret hukuku _x Türkiye |
|
| 650 | 0 |
_aCommercial law _x Turkey |
|
| 650 | 7 |
_aLAW / Commercial / General _2bisacsh |
|
| 700 | 1 | _aİstanbul Ticaret Odası | |
| 856 | 4 | 0 | _uhttp://search.ebscohost.com/login.aspx?direct=true&scope=site&db=e011xww&AN=780099 |
| 999 |
_c7265 _d7265 |
||